สมเด็จพระเจ้าตากสิน จอมบดินทร์มหาราช (ระเบียนเลขที่ 1883)
| 000 -LEADER | |
|---|---|
| fixed length control field | 00723nam a22001817a 4500 |
| 005 - DATE AND TIME OF LATEST TRANSACTION | |
| control field | 20210325173625.0 |
| 008 - FIXED-LENGTH DATA ELEMENTS--GENERAL INFORMATION | |
| fixed length control field | s2531 th tha d |
| 041 ## - LANGUAGE CODE | |
| Language code of text/sound track or separate title | tha |
| 050 ## - LIBRARY OF CONGRESS CALL NUMBER | |
| Classification number | DS577 ต293ส 2531 |
| 100 0# - MAIN ENTRY--PERSONAL NAME | |
| Personal name | สมชาย พุ่มสอาด |
| 245 10 - TITLE STATEMENT | |
| Title | สมเด็จพระเจ้าตากสิน จอมบดินทร์มหาราช |
| 260 3# - PUBLICATION, DISTRIBUTION, ETC. | |
| Place of publication, distribution, etc. | กรุงเทพฯ : |
| Name of publisher, distributor, etc. | เจริญรัตน์การพิมพ์, |
| Date of publication, distribution, etc. | 2531 |
| 300 ## - PHYSICAL DESCRIPTION | |
| Extent | 220 หน้า : |
| Other physical details | ภาพประกอบ |
| 650 04 - SUBJECT ADDED ENTRY--TOPICAL TERM | |
| Topical term or geographic name entry element | ตากสินมหาราช, สมเด็จพระเจ้า, 2277--2325 |
| 850 ## - HOLDING INSTITUTION | |
| Holding institution | NALT |
| 942 ## - ADDED ENTRY ELEMENTS (KOHA) | |
| Koha item type | General Book |
| 997 ## - | |
| -- | 000000000001883 |
| Withdrawn status | Lost status | Damaged status | Not for loan | Collection code | Home library | Current library | Total Checkouts | Full call number | Barcode | Date last seen | Price effective from | Koha item type |
|---|---|---|---|---|---|---|---|---|---|---|---|---|
| General Book collection | National Assembly Library of Thailand | National Assembly Library of Thailand | DS 577 ต293ส 2531 | 3961101614 | 09/06/2017 | 09/06/2017 | General Book |
